00574nam a22001455i 4500001000700000003000900007005001700016008004100033040002000074100003200094245006200126260008700188300002100275852013200296164181ES-MaACL20240424063058.0010403s1886 sp |||| | spa d aCAM bspa cCAM1 aRuimar, Cándido,dn. 186214aLas revoluciones b: canto / cCándido Ruiz Martínez. aMadrid : b[s.n.], c1886 (ftipografía de El Correo, a cargo de F. Fernández) a45 p. ; c19 cm. aES-MaACLjT-400-F-9 z-- Enc. hol., falto de la cub. original z-- An. ms.: ded. del autor a la Biblioteca del Ateneo de Madrid